Kembara arjuna

Bibliographic Details
Main Author: A. Rahim Abdullah 1948-
Format: Book
Published: Kuala Lumpur : DBP , 1992
Subjects:

MARC

LEADER 00000cam a2200000 7i4500
001 0000001829
005 20020206.0
020 0 0 |a 9836225773 
090 0 0 |a 899.28   |b ARA 1992 
100 0 0 |a A. Rahim Abdullah   |c 1948- 
245 1 0 |a Kembara arjuna   |c A. Rahim Abdullah 
260 0 0 |a Kuala Lumpur :   |b DBP ,   |c 1992 
300 |a xix, 178 p. ;   |c 19 cm. 
650 0 0 |a Malay poetry 
650 0 0 |a Sajak 
998 |a JPSM 
999 |a 0000000209   |b Monograph   |c Open Shelf   |e Default branch